| Tag |
First Indicator |
Second Indicator |
Subfields |
| LEADER |
00000cam a2200000 a 4500 |
| 001 |
in00000017267 |
| 005 |
20151007053430.0 |
| 008 |
870604s1988 flu b 00110 eng |
| 010 |
|
|
|a 87015860
|
| 020 |
|
|
|a 0849368898
|
| 035 |
|
|
|a (OCoLC)16093513
|
| 035 |
|
|
|9 AAB1627AM
|
| 040 |
|
|
|a DLC
|c DLC
|d TXA
|d UtOrBLW
|
| 049 |
|
|
|a TXAM
|c [A12554119]
|
| 050 |
0 |
0 |
|a SB951.3
|b .V93 1988
|
| 082 |
0 |
|
|a 632/.952
|2 19
|
| 100 |
1 |
|
|a Vyas, Subhash C.,
|d 1937-
|
| 245 |
1 |
0 |
|a Nontarget effects of agricultural fungicides /
|c Subhash C. Vyas.
|
| 264 |
|
1 |
|a Boca Raton, Fla. :
|b CRC Press,
|c 1988.
|
| 300 |
|
|
|a 258 pages
|
| 336 |
|
|
|a text
|b txt
|2 rdacontent
|
| 337 |
|
|
|a unmediated
|b n
|2 rdamedia
|
| 338 |
|
|
|a volume
|b nc
|2 rdacarrier
|
| 504 |
|
|
|a Includes bibliographical references and index.
|
| 650 |
|
0 |
|a Fungicides.
|
| 650 |
|
0 |
|a Fungicides
|x Physiological effect.
|
| 650 |
|
0 |
|a Plants
|x Effect of fungicides on.
|
| 650 |
|
0 |
|a Microorganisms
|x Physiology.
|
| 650 |
|
0 |
|a Fungicides
|x Environmental aspects.
|
| 999 |
|
|
|a MARS
|
| 999 |
f |
f |
|s f925381a-a52f-3961-be90-8c3459bc2e24
|i 58146968-101c-3d54-a72c-5acfcb1b28ac
|t 0
|
| 952 |
f |
f |
|p ric
|a Texas A&M University
|b Rellis Campus
|c Joint Library Facility
|d Remote Storage
|t 0
|e SB951.3 .V93 1988
|h Library of Congress classification
|i unmediated -- volume
|m A14812554119
|
| 998 |
f |
f |
|a SB951.3 .V93 1988
|t 0
|l Remote Storage
|